Statistiques concernant Pays en rébus #4

Cliquez ici pour prendre le quiz!

Statistiques générales

  • Ce quiz a été pris 3 872 fois
  • Le résultat moyen est 7 sur 10

Réponses sur la Carte

Les réponses sont colorées sur une échelle allant du rouge au vert en fonction du pourcentage des utilisateurs qui les ont devinées à leur premier essai. Vous pouvez retrouver ces pourcentages ci-dessous.
 

Statistiques - réponses

Pays% Correct
Cuba
85%
Liberia
83%
Seychelles
83%
Oman
73%
Honduras
69%
Argentine
66%
Bulgarie
66%
Pologne
60%
Trinité-et-Tobago
59%
Salvador
42%

Distribution des résultats

Percentile par nombre de réponses

% des personnes avec chaque résultat

Votre développement - résultats

Vous n’avez pas pris ce quiz